Mole! (Record no. 153790)

MARC details
000 -LEADER
fixed length control field 00507nam a22002057a 4500
003 - CONTROL NUMBER IDENTIFIER
control field dpl
005 - DATE AND TIME OF LATEST TRANSACTION
control field 20180710163230.0
008 - FIXED-LENGTH DATA ELEMENTS--GENERAL INFORMATION
fixed length control field 180710b xxu||||| |||| 00| 0 eng d
020 ## - INTERNATIONAL STANDARD BOOK NUMBER
International Standard Book Number 9788125026822
Terms of availability 185.00
035 ## - SYSTEM CONTROL NUMBER
System control number B-167179
040 ## - CATALOGING SOURCE
Original cataloging agency DPL
Language of cataloging EN
Transcribing agency 0
082 ## - DEWEY DECIMAL CLASSIFICATION NUMBER
Classification number N
100 ## - MAIN ENTRY--PERSONAL NAME
Personal name Ashokmitran
245 ## - TITLE STATEMENT
Title Mole!
Statement of responsibility, etc by Ashokamitran
246 ## - VARYING FORM OF TITLE
Title proper/short title Otran
260 ## - PUBLICATION, DISTRIBUTION, ETC. (IMPRINT)
Place of publication, distribution, etc New Delhi
Name of publisher, distributor, etc Orient Longman Pvt Ltd
Date of publication, distribution, etc 2005
300 ## - PHYSICAL DESCRIPTION
Extent viii;, 161p;
710 ## - ADDED ENTRY--CORPORATE NAME
Corporate name or jurisdiction name as entry element by N Kalyan Raman
942 ## - ADDED ENTRY ELEMENTS (KOHA)
Source of classification or shelving scheme Dewey Decimal Classification
Koha item type English Books
Classification part N
Call number suffix ASH
Holdings
Withdrawn status Lost status Source of classification or shelving scheme Damaged status Not for loan Collection code Home library Current library Date acquired Source of acquisition Cost, normal purchase price Total Checkouts Full call number Barcode Date last seen Cost, replacement price Price effective from Koha item type
    Dewey Decimal Classification     Non-fiction Patel Nagar Patel Nagar 10/07/2018 BPPD/PUB 185.00   N ASH B-167179 10/07/2018 185.00 10/07/2018 English Books

© Delhi Public Library
Hit Counter
free hit counter